000 00561nam a2200217Ia 4500
003 OSt
005 20250819102127.0
008 210210b2008 xxu||||| |||| 00| 0 eng d
020 _a8184290705
040 _cAL
041 _aeng
082 _a658.87 NARG
100 _aNarayanan K G S
_9236355
245 _aGlobalisation of retailing
_b: an Indian perspective
260 _aAmbala
_bThe Associated Publishers
_c2008
300 _axxi,316p
690 _aSalesmanship
_9236362
700 _aSudarsan P K Ed
_9236363
906 _a062501
942 _2ddc
_cBK
999 _c117627
_d117627